000 00543nam a2200181 i 4500
001 86608
003 ES-MaACL
005 20230906175503.0
007 t|
008 041214s1938 sp ||||1| spa d
100 1 _aKleiber, Johann.
_968200
245 1 0 _aCompendio de física y química /
_cpor Johann Keliber y José Estalella.
250 _a5ª ed. corr.
260 _aBarcelona :
_bGustavo Gili,
_c1938.
300 _a401 p. ;
_c20 cm.
700 1 _aEstalella Graells, José (
_d1879-1938)
_948004
852 _aES-MaACL
_jF-15524
_bR.19645
999 _c86608
_d86608